Т. 9 : Пассивные континентальные окраины; Общая геология

Xehetasun bibliografikoak
Parent link:Общая геология/ Академия наук СССР (АН СССР), Всесоюзный институт научной и технической информации (ВИНИТИ). Т. 9 : Пассивные континентальные окраины.— , 1965-1990
Egile nagusia: Ермаков Б. В.
Beste egile batzuk: Сейфуль-Мулюков Р. Б. (редактор)
Hizkuntza:errusiera
Argitaratua: 1980
Gaiak:
Formatua: MixedMaterials Liburua
KOHA link:https://koha.lib.tpu.ru/cgi-bin/koha/opac-detail.pl?biblionumber=326505

MARC

LEADER 00000nam2a2200000 4500
001 326505
005 20251225144544.0
035 |a (RuTPU)RU\TPU\book\352153 
090 |a 326505 
100 |a 20161229d1980 k y0rusy5003 ca 
101 0 |a rus 
102 |a RU 
105 |a a z 001zy 
200 0 |a Т. 9 : Пассивные континентальные окраины  |f Б. В. Ермаков  |g под ред. Р. Б. Сейфуль-Мулюкова 
210 |d 1980 
215 |a 118 с.  |c ил. 
320 |a Библиогр.: с. 109-117 
461 1 |0 (RuTPU)RU\TPU\book\241055  |t Общая геология  |f Академия наук СССР (АН СССР), Всесоюзный институт научной и технической информации (ВИНИТИ)  |v Т. 9 : Пассивные континентальные окраины  |d 1965-1990  |s Общая геология 
606 |a Геология общая  |9 89097 
610 1 |a Атлантический океан 
610 1 |a Индийский океан 
610 1 |a континентальные окраины 
610 1 |a пассивные окраины 
610 1 |a геологическое строение 
610 1 |a геофизические характеристики 
610 1 |a геотектоническое развитие 
610 1 |a разломы 
610 1 |a генезис 
675 |a 55  |v 3 
700 1 |a Ермаков  |b Б. В. 
702 1 |a Сейфуль-Мулюков  |b Р. Б.  |4 340 
801 0 |a RU  |b RuMRKP  |c 19950704  |g psbo 
801 1 |a RU  |b 63413507  |c 20161229 
801 2 |a RU  |b 63413507  |c 20220610  |g RCR 
942 |c BK